00302 a2200109 4500020001500000024001500015100002200030245009200052250001200144260002600156300001000182 a0099286564 a0099286564 aPerkowitz, Sidney aUniversal Foam:bThe Story of bubles from cappuccino to the cosmos /cSindney Perkowitz a1st Ed. aLondonbVintagec2001 g25 cm